00752nam a2200181 a 450000100100000000500170001000800410002702000150006804000250008308200150010810000300012324500720015326001020022530000400032750000730036795201130044099900170055300004160820201002035650.0131014s1984 sp ab 000 0 spa d a8400055985 aDO-SdBNPbspacBNPHU axxxbP474e1 aPeset, José Luis96762210aEnfermedad y Castigo /ctrabajos coordinados por José Luis Peset. aMadrid :bConsejo Superior de Investigaciones Científicas,bInstituto Arnau de Vilanova,c1984. axlv, 411 p. :bil., mapas ;c24 cm. aIncluye referncias bibliográficas y notas al pie de las páginas. 001050718MOaGRbGRcCTd2013-10-14iLF1l0oxxx P474ep41608-10r2020-06-25w2020-06-25y1ZNo se presta c41098d41098